1298 1537 1009 1298 1083 1325 1950 1611 1434 1003 1659 1325 1483 1183 1395 1158 1536 1988 1259 1083 1099 1949 1971 1656 1637 1285 1490 1391 1909 1570 1304 1998 1423 1386 1272 1024 1879 1420 1532 1253 1737 1465 1149 1200 1430 1361 1499 1574 1345 1605 1429 1989 1602 1157 1485 1303 1949 1448 1624 1155 1419 1788 1877 1842 1322 1839 1075 1059 1236 1813 1627 1943 1885 1673 1038 1563 1344 1376 1713 1442 1664 1787 1109 1417 1062 1066 1346 1263 1399 1740 1764 1896 1654 1329 1489 1402 1052 1892 1034 BCNSPRNW ULIB Ver.6.0+V

เปลี่ยนเป็นภาษาไทย

Change to English
 แสดงรายละเอียดบรรณานุกรม
  กลับหน้าหลัก

Brief Record : Get Marc (ISO 2709) : E-mail record : QR code < ปิดหน้าต่าง
LEADER : 00000nam 2200000uu 4500
001    13399121690
003     ULIB
008    121129s||||||||th 000 0 tha d
020    ^a9789747454758
060 04 ^aWD300^bก344ค 2550
245 00 ^aโรคหอบหืด-ภูมิแพ้ /^cเรียบเรียบโดย กองบรรณาธิการใกล้หมอ ;บรรณาธิการ เอื้อมพร สกุลแก้ว
246 14 ^aคู่มือโรคหอบหืด-ภูมิแพ้
250    ^aพิมพ์ครั้งที่ 1
260    ^aกรุงเทพฯ :^bใกล้หมอ,^c2550
300    ^a159 หน้า ;^c21 ซม.
650  7 ^aหืด
650  7 ^aภูมิแพ้
700 0  ^aเอื้อมพร สกุลแก้ว,^eบรรณาธิการ
710 2  ^aกองบรรณาธิการใกล้หมอ
945    ^p165^l0^i14312
995    ^aกัณชพร
999 ^a ใช้งานได้ทุกระบบ
รายการนี้ยังไม่มีแท็ก
คุณยังไม่ได้ล็อกอิน คุณสามารถมีกิจกรรมร่วมกับเว็บไซต์ได้ แต่ต้องล็อกอินก่อน ::
  ล็อกอิน

รายการสื่อสารสนเทศ

ลำดับที่ ประเภท เลขเรียก/บาร์โค้ด สถานที่ สถานะ
1. วิทยาศาสตร์การแพทย์ และสุขภาพ
วิทยาศาสตร์การแพทย์ และสุขภาพ
WD300 ก344ค 2550  
  Barcode: 14312
ห้องสมุดวิทยาเขตสวรรค์ประชารักษ์
►ส่วนจัดเก็บหนังสือเก่า สปร
บนชั้น
  ขอยืม

รายการใกล้เคียง
    หัวเรื่อง [หืด]
    หัวเรื่อง [ภูมิแพ้]

BibComment


ยังไม่เคยถูกคอมเมนท์

คอมเมนท์ทรัพยากรรายการนี้
  คอมเมนท์: โรคหอบหืดภูมิแพ้..


 Copyright 2026. Bcnsprnw @Library